MAHARASHTRA UNIVERSITIES ACT 1994 (Record no. 17397)
[ view plain ]
| 000 -LEADER | |
|---|---|
| fixed length control field | 00342nam a2200133Ia 4500 |
| 008 - FIXED-LENGTH DATA ELEMENTS--GENERAL INFORMATION | |
| fixed length control field | 240624s9999 xx 000 0 und d |
| 041 ## - LANGUAGE CODE | |
| Language code of text/sound track or separate title | eng |
| 082 ## - DEWEY DECIMAL CLASSIFICATION NUMBER | |
| Classification number | 378 GHO |
| 100 ## - MAIN ENTRY--PERSONAL NAME | |
| Personal name | GHORMADE VIJAY |
| 245 ## - TITLE STATEMENT | |
| Title | MAHARASHTRA UNIVERSITIES ACT 1994 |
| 260 ## - PUBLICATION, DISTRIBUTION, ETC. | |
| Date of publication, distribution, etc. | 2008 |
| Place of publication, distribution, etc. | Pune |
| Name of publisher, distributor, etc. | Hind Law House |
| 300 ## - PHYSICAL DESCRIPTION | |
| Extent | xxv, : 298 : p. : cm. ; 23 |
| 365 ## - TRADE PRICE | |
| Currency code | RS |
| Price amount | 15 |
| Withdrawn status | Lost status | Damaged status | Not for loan | Home library | Current library | Shelving location | Date acquired | Source of acquisition | Cost, normal purchase price | Full call number | Barcode | Date last seen | Copy number | Price effective from | Koha item type |
|---|---|---|---|---|---|---|---|---|---|---|---|---|---|---|---|
| IMTN | IMTN | Rack 16-B | 07/18/2011 | SLH | 295.00 | 378 GHO | 17397 | 06/24/2024 | 1 | 06/24/2024 | Books |